| 000 | 00553nam a2200181 a 4500 | ||
|---|---|---|---|
| 005 | 20220929063924.0 | ||
| 008 | 040624s1974 es r 000 0 spa d | ||
| 020 | _a8430106103 | ||
| 035 | _aUPN01000133933 | ||
| 049 | _aCG | ||
| 050 | 4 |
_aLB775 _bJ438 |
|
| 245 | 0 | 0 |
_aJean Piaget y las ciencias sociales / _cG. Busino ... [et al.] ; tr. Ana M. Tizón. |
| 260 |
_aSalamanca [Esp.] : _bSígueme, _c1974. |
||
| 300 | _a208 p. | ||
| 600 | 1 | 0 |
_aPiaget, Jean, _d1896-1980 _xCrítica e interpretación _913966 |
| 700 | 1 |
_aBusino, G., _ecoaut. |
|
| 905 | _aLibro | ||
| 999 |
_c106084 _d106084 |
||